Statistics for Geography of Iraq Quiz

Click here to take the quiz!

General Stats

  • This quiz has been taken 80 times
  • The average score is 14 of 20

Answer Stats

QuestionAnswer% Correct
What is the capital of Iraq?Baghdad
100%
What is the most commonly spoken language in Iraq?Arabic
98%
What is the smallest country Iraq borders?Kuwait
96%
On what river is that city located?Tigris
93%
In what gulf does those two rivers empty into?Persian Gulf
89%
To what branch of Islam does 64.4% of the Iraqi population belong?Shia
89%
What is the longest river in Western Asia?Euphrates
87%
What ancient capital is located near that city?Babylon
87%
What country shares the shortest border with Iraq?Jordan
85%
What ethnic-based region covers northern Iraq?Iraqi {Kurdistan}
84%
What name is given to the region between those two rivers?Mesopotamia
78%
What is the most populous city in southern Iraq?Basra
69%
What desert covers the southwestern parts of Iraq?{Arabian} Desert
64%
What is the most populous city in northern Iraq?Mosul
62%
What F city near the Iraqi capital was site of a bloody battle during the Iraq War?Fallujah
62%
What is the most common name for the international zone of the Iraqi capital?{Green} Zone
58%
What city is considered to be the capital of that region?Erbil
55%
What mountain range, starting with Z, is located between Iraq and Iran?{Zagros} Mountains
44%
What desert covers western Iraq?{Syrian} Desert
29%
What is the English name of the subdivisions of Iraq? (hint: starts with G)Governorates
11%

Score Distribution

Percentile by Number Answered

Percent of People with Each Score

Your Score History

You have not taken this quiz